ARRUPE JESUIT UNIVERSITY

CORONAVIRUS -STOP THE SPREAD - CLEAN,DISINFECT,COVER

Guji Oromo culture in southern Ethiopia (Record no. 7534)

MARC details
000 -LEADER
fixed length control field 00751nam a2200253Ia 4500
003 - CONTROL NUMBER IDENTIFIER
control field 0100
005 - DATE AND TIME OF LATEST TRANSACTION
control field 20140206163910.0
008 - FIXED-LENGTH DATA ELEMENTS--GENERAL INFORMATION
fixed length control field 130303s9999 xx 000 0 und d
020 ## - INTERNATIONAL STANDARD BOOK NUMBER
International Standard Book Number 3496009969
040 ## - CATALOGING SOURCE
Transcribing agency ARRUPELIB
050 ## - LIBRARY OF CONGRESS CALL NUMBER
Classification number DT390.G2L66 1991
300 ## - PHYSICAL DESCRIPTION
Other physical details 24cm.
100 ## - MAIN ENTRY--PERSONAL NAME
Personal name Van de Loo, Joseph
9 (RLIN) 8332
245 ## - TITLE STATEMENT
Title Guji Oromo culture in southern Ethiopia
245 ## - TITLE STATEMENT
Remainder of title religious capabilities in rituals and songs
260 ## - PUBLICATION, DISTRIBUTION, ETC. (IMPRINT)
Place of publication, distribution, etc Berlin
260 ## - PUBLICATION, DISTRIBUTION, ETC. (IMPRINT)
Name of publisher, distributor, etc Dietrich Reimer Verlag
300 ## - PHYSICAL DESCRIPTION
Extent 360p.
650 ## - SUBJECT ADDED ENTRY--TOPICAL TERM
Topical term or geographic name as entry element Oromo (African people)
General subdivision Rites and ceremonies
9 (RLIN) 8333
650 ## - SUBJECT ADDED ENTRY--TOPICAL TERM
Topical term or geographic name as entry element Songs, Oromo;
9 (RLIN) 8334
650 ## - SUBJECT ADDED ENTRY--TOPICAL TERM
Topical term or geographic name as entry element Sidamo Kifle Hager (Ethiopia)
General subdivision Social life and custom
9 (RLIN) 8335
700 ## - ADDED ENTRY--PERSONAL NAME
Personal name Kola, Bilow
9 (RLIN) 8336
942 ## - ADDED ENTRY ELEMENTS (KOHA)
Source of classification or shelving scheme Library of Congress Classification
Koha item type Monograph ( Printed materials)
Holdings
Withdrawn status Lost status Source of classification or shelving scheme Damaged status Not for loan Collection code Home library Current library Shelving location Date acquired Total Checkouts Full call number Barcode Date last seen Date checked out Copy number Price effective from Koha item type
    Library of Congress Classification     Main Collection ARRUPE LIBRARY ARRUPE LIBRARY   04/03/2013 1 DT390.G2L66 1991 46003077285 03/04/2018 19/03/2018 1 04/03/2013 Monograph ( Printed materials)

 

Arrupe Library. PO Box MP320 Mt Pleasant, Harare, Zimbabwe
263 242 745411|librarian@aju.ac.zw